00429nam a2200157Ia 4500003000400000008004100004040001600045082001300061100001900074245006400093260004200157300001000199490002500209650001500234650002200249GCL140319s9999 xx 000 0 eng d aGCL / cGCL04a843bK F1 aFANT, EMMANUEL10aFONDEMENTS DE LA METAPHYSIQUE DES MOEURS / cFANT, EMMANUEL a[S.N] : bLE LIVRE DE POCHE ، c1993 a252 P aLE LIVRE DE POCHEv004aLITERATURE04aFRENCH LITERATURE